तर्कशास्त्र (Record no. 1330)

MARC details
000 -LEADER
fixed length control field 01066 a2200217 4500
005 - DATE AND TIME OF LATEST TRANSACTION
control field 2008090808368.0
008 - FIXED-LENGTH DATA ELEMENTS--GENERAL INFORMATION
fixed length control field 080908t xxu||||| |||| 00| 0 hin d
010 ## - LIBRARY OF CONGRESS CONTROL NUMBER
LC control number HIN-79181
020 ## - INTERNATIONAL STANDARD BOOK NUMBER
International Standard Book Number 400.00
035 ## - SYSTEM CONTROL NUMBER
System control number HN-51527
037 ## - SOURCE OF ACQUISITION
Source of stock number/acquisition D.B.Act / pub
082 ## - DEWEY DECIMAL CLASSIFICATION NUMBER
Classification number 160
100 ## - MAIN ENTRY--PERSONAL NAME
Personal name श्रीवास्तव, रूपाली
245 ## - TITLE STATEMENT
Title तर्कशास्त्र
Statement of responsibility, etc रूपाली श्रीवास्तव
246 ## - VARYING FORM OF TITLE
Title proper/short title Tarkshastra
Remainder of title by Rupali Srivastava
260 ## - PUBLICATION, DISTRIBUTION, ETC. (IMPRINT)
Place of publication, distribution, etc जयपुर
Name of publisher, distributor, etc युनिवर्सिटी पब्लिकेशन्स
Date of publication, distribution, etc 2006
270 ## - ADDRESS
Address विश्वविद्यालय प्रकाशन
City जयपुर
Postal code 302003
Telephone number 0141-2324264
300 ## - PHYSICAL DESCRIPTION
Extent ii,iii,234पृ
Dimensions 22 सेमी (सजिल्द)
942 ## - ADDED ENTRY ELEMENTS (KOHA)
Institution code [OBSOLETE] dpl
Koha item type Hindi Books
Call number prefix 160 / श्रीवास्त
Source of classification or shelving scheme Dewey Decimal Classification
Classification part 160
Call number suffix श्रीवास्त
Holdings
Withdrawn status Lost status Damaged status Not for loan Collection code Home library Current library Date acquired Cost, normal purchase price Total Checkouts Full call number Barcode Date last seen Copy number Uniform Resource Identifier Cost, replacement price Price effective from Koha item type
      Not For Loan Non-fiction D.B.Act.Division D.B.Act.Division 08/09/2008 400.00   160 श्रीवास्त HN-51527 15/09/2008 1 1396 400.00 15/09/2008 Hindi Books

© Delhi Public Library
Hit Counter
free hit counter